[Event "Magdeburg op-B"]
[Site "Magdeburg"]
[Date "2014.06.12"]
[Round "7"]
[White "Kornitzky, Tino"]
[Black "Von Schoenebeck, Konstantin"]
[Result "1-0"]
[WhiteElo "1386"]
[BlackElo "1023"]
[PlyCount "115"]
[EventDate "2014.06.08"]
[EventType "swiss"]
[EventRounds "9"]
[EventCountry "GER"]
[SourceTitle "CBM 160 Extra"]
[Source "ChessBase"]
[SourceDate "2014.07.01"]
[SourceVersion "1"]
[SourceVersionDate "2014.07.01"]
[SourceQuality "1"]

1. d4 Nf6 2. c4 c5 3. d5 b5 4. e3 bxc4 5. Bxc4 Ba6 6. b3 g6 7. Bb2 Bg7 8. Nf3 0-0 9. Qe2 Qb6 10. Nbd2 Nxd5 11. Bxg7 Kxg7 12. Bxa6 Nxa6 13. 0-0 Nab4 14. Nc4 Nc3 15. Qb2 Qf6 16. a3 Nc6 17. Qd2 Rfd8 18. Rfc1 Ne4 19. Qd5 Nc3 20. Qd3 Nb5 21. Ncd2 Nc7 22. Ne4 Qf5 23. Rxc5 d5 24. Qc3+ e5 25. Ng3 Qf6 26. Rxc6 Ne6 27. Qxe5 Qxe5 28. Nxe5 d4 29. exd4 Nxd4 30. Rc3 h5 31. Nf3 h4 32. Nxh4 f5 33. Nf3 f4 34. Nxd4 Rxd4 35. Ne2 Re4 36. Kf1 Rh8 37. h3 Re5 38. Nxf4 g5 39. Nd3 Re7 40. Re1 Rf7 41. Ne5 Rf6 42. Ng4 Rf4 43. Rc7+ Rf7 44. Ree7 Rxe7 45. Rxe7+ Kf8 46. Rxa7 Rh4 47. Rc7 Ke8 48. b4 Kd8 49. Rg7 Rh5 50. b5 Kc8 51. b6 Kb8 52. a4 Ka8 53. a5 Kb8 54. a6 Rh8 55. Rxg5 Ka8 56. Rg7 Kb8 57. Ra7 Kc8 58. Ra8+ 1-0

[Event "Magdeburg op-B"]
[Site "Magdeburg"]
[Date "2014.06.10"]
[Round "4"]
[White "Katholy, Joshua"]
[Black "Von Schoenebeck, Konstantin"]
[Result "0-1"]
[WhiteElo "1104"]
[BlackElo "1023"]
[PlyCount "40"]
[EventDate "2014.06.08"]
[EventType "swiss"]
[EventRounds "9"]
[EventCountry "GER"]
[SourceTitle "CBM 160 Extra"]
[Source "ChessBase"]
[SourceDate "2014.07.01"]
[SourceVersion "1"]
[SourceVersionDate "2014.07.01"]
[SourceQuality "1"]

1. e4 e5 2. Nf3 Nc6 3. Bc4 Nf6 4. Nc3 Nxe4 5. Bxf7+ Kxf7 6. Nxe4 d5 7. Neg5+ Ke8 8. d3 h6 9. Nh3 Bg4 10. Qe2 Qf6 11. Qe3 Bxf3 12. gxf3 b6 13. Nf4 Qxf4 14. Rg1 Nd4 15. Qe2 Nxe2 16. Bxf4 Nxg1 17. Bxe5 Nxf3+ 18. Ke2 Nxe5 19. d4 Nc6 20. Kd3 Kd7 0-1

[Event "GER-chT U10"]
[Site "Magdeburg"]
[Date "2013.12.27"]
[Round "2.1"]
[White "Von Schoenebeck, Konstantin"]
[Black "Krueger, Oliver"]
[Result "1-0"]
[WhiteElo "868"]
[BlackElo "771"]
[PlyCount "165"]
[EventDate "2013.12.27"]
[EventType "team-swiss"]
[EventRounds "5"]
[EventCountry "GER"]
[SourceTitle "EXT 2015"]
[Source "ChessBase"]
[SourceDate "2014.11.20"]
[SourceVersion "1"]
[SourceVersionDate "2014.11.20"]
[SourceQuality "1"]
[WhiteTeam "Berlin Schachpinguine II"]
[BlackTeam "Hettstedt"]
[WhiteTeamCountry "GER"]
[BlackTeamCountry "GER"]

1. e4 e5 2. Nf3 Nc6 3. Bc4 Nf6 4. d4 d6 5. d5 Na5 6. Qd3 Be7 7. Bd2 Nxc4 8. Qxc4 Bd7 9. 0-0 a6 10. Nc3 0-0 11. Qb4 Rb8 12. Be3 c5 13. dxc6 bxc6 14. Qc4 Rxb2 15. Na4 Be6 16. Qxc6 Bd7 17. Qc4 Bb5 18. Qc3 Bxf1 19. Nxb2 Be2 20. Re1 Nxe4 21. Qc6 Bxf3 22. gxf3 Ng5 23. Bxg5 Bxg5 24. Qe4 Qb6 25. Qg4 Bd2 26. Nc4 Qd4 27. Nxd2 Qxd2 28. Rf1 g6 29. Qc4 Qg5+ 30. Kh1 Qf5 31. Qxa6 Qxf3+ 32. Kg1 Qg4+ 33. Kh1 Qe4+ 34. Kg1 Qxc2 35. a4 d5 36. f4 exf4 37. Rxf4 Qc5+ 38. Kg2 Qc2+ 39. Rf2 Qe4+ 40. Rf3 Qg4+ 41. Kf2 Re8 42. Qc6 Rc8 43. Qxd5 Qxa4 44. Qxf7+ Kh8 45. Qf6+ Kg8 46. Qe6+ Kg7 47. Qxc8 Qh4+ 48. Ke3 Qg5+ 49. Ke4 Qe7+ 50. Kd5 Qg5+ 51. Kc6 Qc1+ 52. Kb7 Qb1+ 53. Ka7 Qa2+ 54. Kb8 Qb2+ 55. Qb7+ Qxb7+ 56. Kxb7 Kh6 57. Kc6 Kg7 58. Kd5 h5 59. Ke5 Kh6 60. Kf4 g5+ 61. Kg3 h4+ 62. Kg4 Kg6 63. Rf5 h3 64. Rxg5+ Kf6 65. Ra5 Ke6 66. Kxh3 Kf6 67. Kg4 Ke6 68. h4 Kd6 69. h5 Kc6 70. h6 Kb6 71. Rg5 Kc6 72. h7 Kd6 73. h8Q Ke6 74. Qf8 Kd7 75. Rg6 Kc7 76. Rf6 Kb7 77. Rf1 Kc6 78. Qe8+ Kd5 79. Rd1+ Kc4 80. Qc8+ Kb3 81. Rb1+ Ka2 82. Qb7 Ka3 83. Ra1# 1-0